000 00511nam a22001697a 4500
005 20170117124046.0
008 170117b xxu||||| |||| 00| 0 eng d
050 _aP90.
100 _aArnsten, Hilde
_928394
245 _aMedia, culture and development
_cby Arnsten, Hilde
260 _aOslo
_bUniversity of Oslo
_c1993
300 _a249p.;
_c21cm.
650 _aMall media and culture
_928395
700 _aArnsten, Hilde
_eed.
_928396
700 _aDrag, Marianne
_eed.
_928397
942 _2lcc
_cMONOGRAPH
999 _c125980
_d125980